Statistiken für News von 2017 - Nenne das Land

Klicken Sie hier um das Quiz zu spielen!

Allgemein

  • Dieses Quiz wurde 1,265 mal gespielt
  • Das Durchschnittsergebnis liegt bei 10 aus 16

Antwortstatistiken

News / Story Land % Korrekt
Emmanuel Macron wird zum Präsidenten gewähltFrankreich
99%
Die Region Katalonien hält illegal ein Referendum über ihre Unabhängigkeit abSpanien
98%
Frauen dürfen zum ersten Mal Auto fahrenSaudi-Arabien
91%
Ein royaler Prinz dieses Landes verlobt sich mit einer geschiedenen, amerikanischen SchauspielerinVereinigtes Königreich
85%
Der IS verliert die Kontrolle über die Stadt MossulIrak
77%
Der Führer dieses Landes droht damit, das US-Territorium Guam zu vernichtenNordkorea
70%
Facebook bestätigt, dass dieses Land Anzeigen kaufte, um die US-Präsidentschaftswahl 2016 zu beeinflussenRussland
69%
Neun von zehn Bürgern dieses Landes können sich nicht genug Essen leisten,
was massive Proteste gegen Präsident Maduro hervorruft
Venezuela
55%
Die Firmen Alibaba und Tencent erreichen eine Marktbewertung von mehr als 400 Mrd. US-$China
54%
Muslimische Rohingya-Flüchtlinge können immer noch nicht in dieses Land zurückkehrenMyanmar
47%
Der 93-jährige Robert Mugabe wird als Diktator entmachtetSimbabwe
45%
Dieses Land überholt die USA als das Land mit dem besten internationalen Image
laut dem Anholt-GfK Nation Brands Index
Deutschland
45%
Auf der Insel Mindanao wird das Kriegsrecht ausgerufenPhilippinen
43%
Der Präsident dieses Landes fordert die Beschlagnahme von Land von Weißen ohne KompensationSüdafrika
37%
Terroristen töten mehr als 300 Menschen in einer Sufi-MoscheeÄgypten
34%
Dieses Land wird von seinen Nachbarn ausgegrenzt, da es gute Beziehungen zum Iran hatKatar
33%

Verteilung der Resultate

Perzentil nach korrekt beantworteten Fragen

Anzahl Personen mit jedem Resultat

Ihre Resultats-Entwicklung

Sie haben dieses Quiz noch nicht gespielt